| 000 | 00499nam a2200193Ia 4500 | ||
|---|---|---|---|
| 005 | 20260429112059.0 | ||
| 008 | 260429s9999||||xx |||||||||||||| ||und|| | ||
| 020 | _a9789363866775 | ||
| 041 | _aEnglish | ||
| 082 |
_a005.133 _bMCF |
||
| 100 | _aMcFedries, Paul | ||
| 245 | 0 |
_aJavaScript essentials for dummies / _cPaul McFedries |
|
| 250 | _a1st ed. | ||
| 260 |
_aNew Delhi : _bWiley, _c2025. |
||
| 300 | _aix, 176 p.; pbk | ||
| 650 | _a Computer programming | ||
| 650 | _aJava | ||
| 942 | _cTB | ||
| 999 |
_c52247 _d52247 |
||